| 000 | 01339nam a22002777a 4500 | ||
|---|---|---|---|
| 999 |
_c14236 _d14236 |
||
| 003 | EG-ScBUE | ||
| 005 | 20210622104556.0 | ||
| 008 | 100628s2006 ua f 000 0 ara d | ||
| 040 |
_aEG-ScBUE _bara _erda _cEG-ScBUE _dEG-ScBUE |
||
| 082 | 0 | 4 |
_a658.3124 _bهـ و ا _222 |
| 100 | 1 |
_915105 _aالهواري، سيد، _eمؤلف. |
|
| 245 | 1 | 2 |
_aالأسرار التسعة للمحاضرين والمدربين الأكثر فعالية : _bكل ما تحتاج أن تعرفه لنقل المعارف أو زيادة المهارات / _cالدطتور سيد الهواري، أستاذ إدارة الأعمال-كلية التجارة، جامعة عين شمس، دكتوراة الفلسفة في إدارة الأعمال م جامعة نيويورك-أمريكا 1961. |
| 250 | _aالطبعة الثانية. | ||
| 264 | 1 |
_aالقاهرة : _bسيد الهواري، _c2006. |
|
| 300 |
_a136 صفحة ؛ _c24 سم |
||
| 336 |
_2rdacontent _aنص _btxt |
||
| 337 |
_2rdamedia _aبدون وسيط _bn |
||
| 338 |
_2rdacarrier _aمجلد _bnc |
||
| 650 | 7 |
_921733 _aالتدريب الإداري. _2BUEsh |
|
| 650 | 7 |
_915294 _aالدورات التدريبية. _2BUEsh |
|
| 650 | 7 |
_914885 _aالموظفون _xتدريب. _2BUEsh |
|
| 651 | _2BUEsh | ||
| 653 |
_bBUSADM _cJune2021 |
||
| 655 |
_vReading book _934232 |
||
| 942 |
_2ddc _cBB |
||